[Event "TUR-ALG Friendship"]
[Site "Ankara"]
[Date "2012.05.17"]
[Round "5"]
[White "Seraoui, Mohcen"]
[Black "Emiroglu, Cankut"]
[Result "1/2-1/2"]
[WhiteElo "2165"]
[BlackElo "2253"]
[PlyCount "57"]
[EventDate "2012.05.12"]
[EventType "schev"]
[EventRounds "8"]
[EventCountry "TUR"]
[SourceTitle "CBM 148 Extra"]
[Source "ChessBase"]
[SourceDate "2012.06.22"]
[SourceVersion "1"]
[SourceVersionDate "2012.06.22"]
[SourceQuality "1"]
[WhiteTeam "Algeria"]
[BlackTeam "Turkey"]
[WhiteTeamCountry "ALG"]
[BlackTeamCountry "TUR"]

1. e4 c5 2. Nf3 Nc6 3. d4 cxd4 4. Nxd4 g6 5. c4 Nf6 6. Nc3 d6 7. Nc2 Bg7 8. Be2 0-0 9. 0-0 Be6 10. Rb1 Nd7 11. Be3 Nc5 12. f3 a5 13. Na3 a4 14. Nab5 Qa5 15. Bd2 Qb6 16. Kh1 Na7 17. Na3 Nc6 18. Nab5 Nd4 19. Nxd4 Bxd4 20. Bh6 Bg7 21. Bxg7 Kxg7 22. Qd4+ f6 23. f4 Nd7 24. Qd1 Qb4 25. a3 Qb3 26. Qd4 Qb6 27. Qd1 Qb3 28. Qd4 Qb6 29. Qd1 1/2-1/2